| 000 | 01718nam a2200289 a 4500 | ||
|---|---|---|---|
| 001 | ASIN9004144404 | ||
| 005 | 20170105102903.0 | ||
| 008 | 131021s2005 xxu eng d | ||
| 020 |
_a9004144404 (hardcover) _c$177.00 |
||
| 020 | _a9789004144408 (hardcover) | ||
| 040 | _a0 | ||
| 050 | 0 | 4 | _aN7321 |
| 082 | 0 | 4 | _a709.59309021 |
| 100 | 1 | _aWoodward, Hiram. | |
| 245 | 1 | 4 |
_aThe art and architecture of thailand : _bfrom prehistoric times through the thirteenth century / _cHiram Woodward. |
| 250 | _a2nd ed. | ||
| 260 |
_a[S.l.] : _bBrill Academic Publishers, _c2005. |
||
| 300 |
_a297 p. ; _c25 cm. |
||
| 490 | 1 | _aHandbook of oriental studies. section 3 southeast asia. | |
| 520 | _aWritten sources on Thai history are scarce. It took Hiram Woodward many years of painstaking archaeological and art-historical research to finally piece together this first ever comprehensive survey work on the art and architecture of Thailand from the earliest times until the establishment of the Thai-speaking kingdoms. The book, organized geographically and chronologically, covers four eras: the prehistoric period; the period characterized by the culture of the kingdom of Dvaravati; the centuries of Khmer dominance; and, as classical Khmer civilization waned, the period of the struggle for identity. A systematic and elucidating history of pre-fourteenth-century Thailand in a volume indispensable to historians of art, religion, politics, and society. | ||
| 650 | 0 | _aArchitecture | |
| 650 | 0 | _aArt, Thai | |
| 650 | 0 | _aThailand | |
| 830 | 0 | _aHandbook of oriental studies. section 3 southeast asia. | |
| 856 | 4 | 0 |
_3Amazon.com _uhttp://www.amazon.com/exec/obidos/ASIN/9004144404/chopaconline-20 |
| 942 |
_2ddc _cBK |
||
| 999 |
_c14732 _d14732 |
||